000 00410nam a22001217a 4500
999 _c9352
_d9352
003 OSt
008 201203b ||||| |||| 00| 0 eng d
245 _aIndian Highways
250 _a2017( Jul Vol.45 No.7, Aug Vol.45 No.8, Dec Vol.45 No.12) 2018( Jan Vol.46 No.1, Feb Vol.46 No.2, Mar Vol.46 No.3, Apr Vol.46 No.4 )
260 _aNew Delhi
_bIndian Roads Congress
650 _aCivil Engineering
942 _2ddc
_cBV